000 00446nam a22001937a 4500
999 _c11670
_d11670
003 OSt
008 230106b ||||| |||| 00| 0 eng d
020 _a9789390177530
082 _a658.83 BEM
100 _aBERI,GC
245 _aMarketing Research
250 _a6th Ed.
260 _aNew Delhi
_bTMH
_c2020
300 _a606
650 _aMarketing Research
700 _aKAUSHIK,Arun Kumar
700 _aRAHMAN,Zillur
942 _2ddc
_cREF